Μετάφραση τυχαίου λεξιλόγιου από τα γαλλικά - Statistics

General Stats
  • This quiz has been taken 105 times
  • The average score is 15 of 30
Answer Stats
Γαλλικά Ελληνικά % Correct
Père, n. Π{ατέρας}, ο
100%
Mère, n. Μ{ητέρα}, η
100%
Oncle, n. Θ{είος}, ο
100%
Famille, n. Οι{κογένεια}, η
100%
Étoile, n. Α{στέρι}, το
100%
Fleur, n. Λ{ουλούδι}, το
100%
Tête, n. Κ{εφάλι}, το
100%
Langue, n. Γ{λώσσα}, η
100%
Sang, n. Αί{μα}, το
100%
Visage, n. Π{ρόσωπο}, το
100%
Rouge, adj. Κ{όκκινος}
100%
Blanc, adj. Ά{σπρος}
100%
Gris, adj. Γκ{ρι}
100%
Lundi, n. Δ{ευτέρα}, η
100%
Mardi, n. Τ{ρίτη}, η
100%
Mercredi, n. Τ{ετάρτη}, η
100%
Jeudi, n. Π{έμπτη}, η
100%
Vendredi, n. Π{αρασκευή}, η
100%
Dimanche, n. Κ{υριακή}, η
100%
Janvier, n. Ι{ανουάριος}, ο
100%
Mars, n. Μ{άρτιος}, ο
100%
Juillet, n. Ι{ούλιος}, ο
100%
Août, n. Α{ύγουστος}, ο
100%
Septembre, n. Σ{επτέμβριος}, ο
100%
Octobre, n. Ο{κτώβριος}, ο
100%
Novembre, n. Ν{οέμβριος}, ο
100%
Décembre, n. Δ{εκέμβριος}, ο
100%
Un (chiffre), adj. Έ{να}
100%
Deux, adj. Δ{ύο}
100%
Trois, adj. Τ{ρία}
100%
Quatre, adj. Τ{έσσερα}
100%
Cinq, adj. Π{έντε}
100%
Dix-neuf, adj. Δ{εκαεννιά}
100%
Trente, adj. Τ{ριάντα}
100%
Soixante, adj. Ε{ξήντα}
100%
Quatre-vingt-dix, adj. Ε{νενήντα}
100%
Mille, adj. Χ{ίλια}
100%
Parapluie, n. Ο{μπρέλα}, η
100%
Gant, n. Γ{άντι}, το
100%
Botte, n. Μπ{ότα}, η
100%
Pantoufle, n. Π{αντόφλα}, η
100%
Couverture, n. Κ{ουβέρτα}, η
100%
T-shirt, n. Μπ{λουζάκι}, το
100%
Carotte, n. Κ{αρότο}, το
100%
Pomme de terre, n. Π{ατάτα}, η
100%
Banane, n. Μπ{ανάνα}, η
100%
Biscuit, n. Μπ{ισκότο}, το
100%
Fromage, n. Τ{υρί}, το
100%
Vin, n. Κ{ρασί}, το
100%
Pain, n. Ψ{ωμί}, το
100%
Riz, n. Ρ{ύζι}, το
100%
Vinaigre Ξ{ύδι}, το
100%
Chèvre, n. Κ{ατσίκα}, η
100%
Poisson, n. Ψ{άρι}, το
100%
Chien, n. Σ{κύλος}, ο
100%
Girafe, n. Κ{αμηλοπάρδαλη}, η
100%
Souris, n. Π{οντίκι}, το
100%
Lapin, n. Κ{ουνέλι}, το
100%
Vélo, n. Π{οδήλατο}, το
100%
Camion, n. Κ{αμιόνι}, το
100%
Avion, n. Α{εροπλάνο}, το
100%
Bus, n. Λ{εωφορείο}, το
100%
Gare, n. Σ{ταθμός}, ο
100%
Port, n. Λ{ιμάνι}, το
100%
Métro, n. Μ{ετρό}, το
100%
Stylo, n. Σ{τυλό}, το
100%
Gomme, n. Γ{όμα}, η
100%
Cuisine, n. Κ{ουζίνα}, η
100%
Maison, n. Σ{πίτι}, το
100%
Table, n. Τ{ραπέζι}, το
100%
Fou, adj. Τ{ρελός}
100%
Rapide, adj. Γ{ρήγορος}
100%
Grand, adj. Μ{εγάλος}
100%
Nouveau, adj. Ν{έος}
100%
Père Noël, n. Αϊ-Β{ασίλης}
100%
Année, n. Χ{ρόνος}, ο
100%
Mémoire, n. Μ{νήμη}, η
100%
Jamais, adv. Π{οτέ}
100%
Souvent, adv. Σ{υχνά}
100%
Demain, adv. Α{ύριο}
100%
Soir, n. Β{ράδυ}, το
100%
Après-midi, n. Α{πόγευμα}, το
100%
Tard, adv. Α{ργά}
100%
Après, prep. Μ{ετά} (από)
100%
Saison, n. Ε{ποχή}, η
100%
Pâques, n. Π{άσχα}
100%
Lire, v. Δ{ιαβάζω}
100%
Pleurer, v. Κ{λαίω}
100%
Rire, v. Γ{ελάω}
100%
Courir, v. Τ{ρέχω}
100%
Dormir, v. Κ{οιμάμαι}
100%
Être, v. Εί{μαι}
100%
Avoir, v. Έ{χω}
100%
Savoir, v. Ξ{έρω}
100%
Vivre, v. Ζ{ω}
100%
Aller, v. Π{ηγαίνω}
100%
Voler (dans l'air), v. Π{ετάω}
100%
Ouvrir, v. Α{νοίγω}
100%
Travailler, v. Δ{ουλεύω}
100%
Marcher, v. Π{ερπατάω}
100%
Rester / Habiter v. Μ{ένω}
100%
Oser, v. Τ{ολμάω}
100%
Acheter, v. Α{γοράζω}
100%
Dire, v. Λ{έω}
100%
Beaucoup, très, adv. Π{ολύ}
100%
Merci, interj. Ε{υχαριστώ}
100%
Rien, pron. Τ{ίποτα}
100%
Oui, adv. Ν{αι}
100%
Non, adv. Ό{χι}
100%
Droite, n. Δ{εξιά}, η
100%
Où, adv. Π{ού}
100%
Quand, adv. Π{ότε}
100%
(une) Fille, n. Κ{ορίτσι}, το
100%
Nièce, n. Α{νιψιά}, η
100%
Olive, n. Ε{λιά}, η
100%
Bois, n. Ξ{ύλο}, το
100%
Montagne, n. Β{ουνό}, το
100%
Fumée, n. Κ{απνός}, ο
100%
Argent (métal), n. Ά{ργυρος}, ο
100%
Sirène, n. Σ{ειρήνα}, η
100%
Bijou, n. Κ{όσμημα}, το
100%
Léger, adj. Ε{λαφρύς}
100%
Mer, n. Θ{άλασσα}, η
100%
Feuille (d'arbre), n. Φ{ύλλο}, το
100%
Bébé, n. Μ{ωρό}, το
100%
Journal, n. Ε{φημερίδα}, η
100%
Musique, n. Μ{ουσική}, η
100%
Musée, n. Μ{ουσείο}, το
100%
Liberté, n. Ε{λευθερία}, η
100%
Plage, n. Π{αραλία}, η
100%
Monastère, n. Μ{οναστήρι}, το
100%
Démocratie, n. Δ{ημοκρατία}, η
100%
Grèce, n. Ε{λλάδα}, η
100%
Dieu, n. Θ{εός}, ο
100%
Turquie, n. Τ{ουρκία}, η
100%
Triste, adj. Λ{υπημένος}
89%
Pourquoi, adv. Γ{ιατί}
86%
Vert, adj. Π{ράσινος}
80%
Cent, adj. Ε{κατό}
80%
Cravate, n. Γ{ραβάτα}, η
80%
Tomate, n. Ντ{ομάτα}, η
80%
Champignon, n. Μ{ανιτάρι}, το
80%
Sucre, n. Ζ{άχαρη}, η
80%
Méduse, n. Μ{έδουσα}, η
80%
Sud, n. Ν{ότος}, ο
80%
Répondre, v. Α{παντάω}
80%
Espérer, v. Ε{λπίζω}
80%
France, n. Γ{αλλία}, η
80%
Enfant, n. Π{αιδί}, το
75%
Tante, n. Θ{εία}, η
75%
Pied, n. Π{όδι}, το
75%
Jour, n. Μ{έρα}, η
75%
Six, adj. Έ{ξι}
75%
Sept, adj. Ε{πτά}
75%
Dix-huit, adj. Δ{εκαοκτώ}
75%
Quatre-vingt, adj. Ο{γδόντα}
75%
Froid, adj. Κ{ρύος}
75%
Viande, n. Κ{ρέας}, το
75%
Oignon, n. Κ{ρεμμύδι}, το
75%
Baleine, n. Φ{άλαινα}, η
75%
Lion, n. Λ{ιοντάρι}, το
75%
Dauphin, n. Δ{ελφίνι}, το
75%
Aéroport, n. Α{εροδρόμιο}, το
75%
Tunnel, n. Σ{ήραγγα}, η
75%
Valise, n. Β{αλίτσα}, η
75%
Jardin, n. Κ{ήπος}, ο
75%
Matin, n. Π{ρωί}, το
75%
Siècle, n. Αι{ώνας}, ο
75%
Entendre / Écouter, v. Α{κούω}
75%
Venir, v. Έ{ρχομαι}
75%
Un peu, adv. Λ{ίγο}
75%
Temple, n. Ν{αός}, ο
75%
Ville, n. Π{όλη}, η
75%
Lune, n. Σ{ελήνη}, η
67%
Arbre, n. Δ{έντρο}, το
67%
Dent, n. Δ{όντι}, το
67%
Mai, n. Μ{άιος}, ο
67%
Huit, adj. Ο{κτώ}
67%
Neuf (nombre), adj. Ε{ννέα}
67%
Quinze, adj. Δ{εκαπέντε}
67%
Gâteau, n. Τ{ούρτα}, η
67%
Nourriture, n. Τ{ροφή}, η
67%
Poivron, n. Π{ιπεριά}, η
67%
Poivre, n. Π{ιπέρι}, το
67%
Bière, n. Μπ{ίρα}, η
67%
Araignée, n. Α{ράχνη}, η
67%
Bœuf, n. Β{όδι}, το
67%
Agneau, n. Α{ρνί}, το
67%
Zèbre, n. Ζ{έβρα}, η
67%
Poulet, n. Κ{οτόπουλο}, το
67%
Crayon, n. Μ{ολύβι}, το
67%
Meuble, n. Έ{πιπλο}, το
67%
Four, n. Φ{ούρνος}, ο
67%
Lit, n. Κ{ρεβάτι}, το
67%
Voisin, n. Γ{είτονας}, ο
67%
Bouteille, n. Μπ{ουκάλι}, το
67%
Sérieux, adj. Σ{οβαρός}
67%
Aujourd'hui, adv. Σ{ήμερα}
67%
Avant, prep. Π{ριν} (από)
67%
Midi, n. Μ{εσιμέρι}, το
67%
Jouer, v. Π{αίζω}
67%
Comprendre, v. Κ{αταλαβαίνω}
67%
Nager, v. Κ{ολυμπάω}
67%
Mélanger, v. Α{ναμειγνύω}
67%
Tomber, v. Π{έφτω}
67%
Parce que, conj. Γ{ιατί}
67%
Garçon, n. Α{γόρι}, το
67%
Cousine, n. Ξ{αδέλφη}, η
67%
Corne, n. Κ{έρατο}, το
67%
Chanson, n. Τ{ραγούδι}, το
67%
Verre (objet), n. Π{οτήρι}, το
67%
Eglise, n. Ε{κκλησία}, η
67%
Rêve, n. Ό{νειρο}, το
67%
Quarante, adj. Σ{αράντα}
60%
Moto, n. Μ{ηχανή}, η
60%
Salle de bain, n. Μπ{άνιο}, το
60%
Porte, n. Π{όρτα}, η
60%
Tapis, n. Χ{αλί}, το
60%
Appartement, n. Δ{ιαμέρισμα}, το
60%
Loin, adv. Μ{ακριά}
60%
Fermer, v. Κ{λείνω}
60%
Fantôme, n. Φ{άντασμα}, το
60%
Aide, n. Β{οήθεια}, η
60%
Quatorze, adj. Δ{εκατέσσερα}
57%
Vache, n. Α{γελάδα}, η
57%
Sac, n. Τ{σάντα}, η
57%
Cousin, n. Ξ{άδελφος}, ο
50%
Bouche, n. Σ{τόμα}, το
50%
Main, n. Χ{έρι}, το
50%
Oreille, n. Α{φτί}, το
50%
Rose, adj. Ρ{οζ}
50%
Bleu foncé, adj. Μπ{λε}
50%
Jaune, adj. Κ{ίτρινος}
50%
Samedi, n. Σ{άββατο}, το
50%
Avril, n. Α{πρίλιος}, ο
50%
Juin, n. Ι{ούνιος}, ο
50%
Mois, n. Μ{ήνας}, ο
50%
Dix, adj. Δ{έκα}
50%
Onze, adj. Έ{νδεκα}
50%
Douze, adj. Δ{ώδεκα}
50%
Seize, adj. Δ{εκαέξι}
50%
Dix-sept, adj. Δ{εκαεπτά}
50%
Pluie, n. Β{ροχή}, η
50%
Chaud, adj. Ζ{εστός}
50%
Ciel, n. Ου{ρανός}, ο
50%
Robe, n. Φ{όρεμα}, το
50%
Lunettes, n. Γ{υαλιά}, τα
50%
Chemise, n. Π{ουκάμισο}, το
50%
Chaussette, n. Κ{άλτσα}, η
50%
Végétarien, adj. Χ{ορτοφάγος}
50%
Fraise, n. Φ{ράουλα}, η
50%
Beurre, n. Β{ούτυρο}, το
50%
Oiseau, n. Π{ουλί}, το
50%
Taureau, n. Τ{αύρος}, ο
50%
Grenouille, n. Β{άτραχος}, ο
50%
Tortue, n. Χ{ελώνα}, η
50%
Nord, n. Β{ορράς}, ο
50%
Est, n. Α{νατολή}, η
50%
Chaise, n. Κ{αρέκλα}, η
50%
Fourchette, n. Π{ιρούνι}, το
50%
Frigo, n. Ψ{υγείο}, το
50%
Heureux, adj. Ε{υτιχισμένος}
50%
Différent, adj. Δ{ιαφορετικός}
50%
Vieux, adj. Π{άλιος}
50%
Faible / Impossible, adj. Α{δύνατος}
50%
Noël, n. Χ{ριστούγεννα}, τα
50%
Naissance, n. Γ{έννηση}, η
50%
Hier, adv. Χ{θες}
50%
Maintenant, adv. Τ{ώρα}
50%
Danser, v. Χ{ορεύω}
50%
Sauter, v. Π{ηδάω}
50%
Voir, v. Β{λέπω}
50%
Apprendre, v. Μ{αθαίνω}
50%
Construire, v. Χ{τίζω}
50%
Vouloir, v. Θ{έλω}
50%
Nettoyer, v. Κ{αθαρίζω}
50%
Souffler, v. Φ{υσάω}
50%
Voler (dérober), v. Κ{λέβω}
50%
Au revoir, interj. Α{ντίο}
50%
Mieux, adv. adj. Κ{αλύτερα}
50%
Marron, adv. Κ{αφέ}
50%
Olivaie, n. Ε{λαιώνας}, ο
50%
Feu, n. Φ{ωτιά}, η
50%
Or, n. Χ{ρυσός}, ο
50%
Rue / Route, n. Δ{ρόμος}, ο
50%
Roi, n. Β{ασιλιάς}, ο
50%
Ami, n. Φ{ίλος}, ο
50%
Guerre, n. Π{όλεμος}, ο
50%
Raconter, v. Α{φηγούμαι}
43%
Nombre, n. Α{ριθμός}, ο
43%
Cerise, n. Κ{εράσι}, το
40%
Fourmi, n. Μ{υρμήγκι}, το
40%
Bateau, n. Π{λίο}, το
40%
Enseigner, v. Δ{ιδάσκω}
40%
Détester, v. Σ{υχαίνομαι}
40%
Hauteur, n. Ύ{ψος}, το
40%
Serpent, n. Φ{ίδι}, το
38%
Vent, n. Ά{νεμος}, ο
33%
Herbe, n. Χ{όρτο}, το
33%
Peau, n. Δ{έρμα}, το
33%
Corps, n. Σ{ώμα}, το
33%
Cœur, n. Κ{αρδιά}, η
33%
Nez, n. Μ{ύτη}, η
33%
Doigt, n. Δ{άχτυλο}, το
33%
Treize, adj. Δ{εκατρία}
33%
Cinquante, adj. Π{ενήντα}
33%
Écharpe, n. Κ{ασκόλ}, το
33%
Ail, n. Σ{κόρδο}, το
33%
Huile, n. Λ{άδι}, το
33%
Concombre, n. Α{γγούρι}, το
33%
Confiture, n. Μ{αρμελάδα}, η
33%
Œuf, n. Α{βγό}, το
33%
Origan, n. Ρ{ίγανη}, η
33%
Moustique, n. Κ{ουνούπι}, το
33%
Ours, n. Α{ρκούδα}, η
33%
Cheval, n. Ά{λογο}, το
33%
Chambre, n. Δ{ωμάτιο}, το
33%
Cuillère, n. Κ{ουτάλι}, το
33%
Fenêtre, n. Π{αράθυρο}, το
33%
Armoire, n. Ντ{ουλάπα}, η
33%
Montre / Horloge, n. Ρ{ολόι}, το
33%
Tasse, n. Φ{λιτζάνι}, το
33%
Sucré, adj. Γ{λυκός}
33%
Neuf (nouveau), adj. Κ{αινούριος}
33%
Chanter, v. Τ{ραγουδάω}
33%
Sourire, v. Χ{αμωγελάω}
33%
Respirer, v. Α{ναπνέω}
33%
Écrire, v. Γ{ράφω}
33%
Arrêter, v. Σ{ταματάω}
33%
Parler, v. Μ{ιλάω}
33%
Forêt, n. Δ{άσος}, το
33%
Longueur, n. Μ{ήκος}, το
33%
Enfer, n. Κ{όλαση}, η
33%
Ruine, n. Ε{ρείπιο}, το
33%
Citoyen, n. Π{ολίτης}, ο
33%
(le) Meilleur, adj. Κ{αλύτερος}
33%
Monde, n. Κ{όσμος}, ο
29%
Frère, n. Α{δελφός}, ο
25%
Narine, n. Ρ{ουθούνι}, το
25%
Vingt, adj. Εί{κοσι}
25%
Chaussure, n. Π{απούτσι}, το
25%
Noix, n. Κ{αρύδι}, το
25%
Abeille, n. Μ{έλισσα}, η
25%
Pieuvre, n. Χ{ταπόδι}, το
25%
Montgolfière, n. Α{ερόστατο}, το
25%
Ouest, n. Δ{ύση}, η
25%
Pont, n. Γ{έφυρα}, η
25%
Éponge, n. Σ{φουγγάρι}, το
25%
Savon, n. Σ{απούνι}, το
25%
Fort / Possible, adj. Δ{υνατός}
25%
Siffler, v. Σ{φυρίζω}
25%
Argent (monnaie), n. Χ{ρήμα}, το
25%
Noir, adj. Μ{αύρος}
22%
Bras, n. Β{ραχίονας}, ο
20%
Cheminée, n. Τ{ζάκι}, το
20%
En colère, adj. Θ{υμωμένος}
20%
Étroit, adj. Σ{τενός}
20%
Commencer, v. Α{ρχίζω}
20%
Grandir, v. Μ{εγαλώνω}
20%
Suivre, v. Α{κολουθώ}
20%
Laver, v. Π{λένω}
14%
Âme, n. Ψ{υχή}, η
14%
Sœur, n. Α{δελφή}, η
0%
Jumeau, n. Δ{ίδυμος}, ο
0%
Neveu, n. Α{νιψιός}, ο
0%
Fils, n. Γ{ιός}, ο
0%
Sol, n. Έ{δαφος}, ο
0%
Soleil, n. Ή{λιος}, ο
0%
Cheveux, n. Μ{αλλιά}, τα
0%
Jambe, n. Κ{νήμη}, η
0%
Cerveau, n. Μ{υαλό}, το
0%
Larme, n. Δ{άκρυ}, το
0%
Sourcil, n. Φ{ρύδι}, το
0%
Poignet, n. Κ{αρπός}, ο
0%
Poumon, n. Π{νεύμονας}, ο
0%
Pouce, n. Α{ντίχειρας}, ο
0%
Cou, n. Λ{αιμός}, ο
0%
Menton, n. Π{ιγούνι}, το
0%
Épaule, n. Ώ{μος}, ο
0%
Genou, n. Γ{όνατο}, το
0%
Ongle, n. Ν{ύχι}, το
0%
Œil, n. Μ{άτι}, το
0%
Toit, n. Σ{τέγη}, η
0%
Bleu clair, adj. Γ{αλάζιος}
0%
Février, n. Φ{εβρουάριος}, ο
0%
Soixante-dix, adj. Ε{βδομήντα}
0%
Tempête, n. Κ{αταιγίδα}, η
0%
Nuage, n. Σ{ύννεφο}, το
0%
Neige, n. Χ{ιόνι}, το
0%
Jupe, n. Φ{ούστα}, η
0%
Pantalon, n. Π{αντελόνι}, το
0%
Ceinture, n. Ζ{ώνη}, η
0%
Légume, n. Λ{αχανικό}, το
0%
Pastèque, n. Κ{αρπούζι}, το
0%
Salade, n. Σ{αλάτα}, η
0%
Haricot, n. Φ{ασόλι}, το
0%
Sel, n. Α{λάτι}, το
0%
Épinard, n. Σ{πανάκι}, το
0%
Raisin, n. Σ{ταφύλι}, το
0%
Chauve-souris, n. Ν{υχτερίδα}, η
0%
Cochon, n. Γ{ουρούνι}, το
0%
Renard, n. Α{λεπού}, η
0%
Loup, n. Λ{ύκος}, ο
0%
Chat, n. Γ{άτα}, η
0%
Mouton, n. Π{ρόβατο}, το
0%
Bélier, n. Κ{ριός}, ο
0%
Chaton, n. Γ{ατάκι}, το
0%
Chiot, n. Κ{ουτάβι}, το
0%
Lézard, n. Σ{αύρα}, η
0%
Guêpe, n. Σ{φήκα}, η
0%
Mouche, n. Μ{ύγα}, η
0%
Canard, n. Π{άπια}, η
0%
Homard, n. Α{στακός}, ο
0%
Sauterelle, n. Α{ρκίδα}, η
0%
Hibou, n. Μπ{ούφος}, ο
0%
Singe, n. Π{ίθηκος}, ο
0%
Voiture, n. Α{υτοκίνιτο}, το
0%
Assiette, n. Π{ιάτο}, το
0%
Couteau, n. Μ{αχαίρι}, το
0%
Lumière, n. Φ{ως}, το
0%
Ciseaux, n. Ψ{αλίδι}, το
0%
Jouet, n. Π{αιχνίδι}, το
0%
Calendrier, n. Η{μερολόγιο}, το
0%
Ordinateur, n. Υ{πολογιστής}, ο
0%
Oreiller, n. Μ{αξιλάρι}, το
0%
Poubelle, n. Σ{κουπιδοτενεκές}, ο
0%
Toilettes, n. Α{ποχωριτίριο}, το
0%
Couverts, n. Μ{αχαιροπίρουνα}, τα
0%
Miroir, n. Κ{αθρέφτης}, ο
0%
Fauteuil, n. Π{ολυθρόνα}, η
0%
Effrayé, adj. Φ{οβισμένος}
0%
Fatigué, adj. Κ{ουρασμένος}
0%
Vrai, adj. Α{ληθινός}
0%
Faux, adj. Α{ναληθής}
0%
Timide, adj. Σ{υνεσταλμένος}
0%
Petit, adj. Μ{ικρός}
0%
Amer, adj. Π{ικρός}
0%
Gros, adj. Χ{οντρός}
0%
Même, adj. Ί{διος}
0%
Jeune, adj. Ν{εαρός}
0%
Proche, adj. Κ{οντινός}
0%
Malade, adj. Ά{ρρωστος}
0%
Vide, adj. Ά{δειος}
0%
Plein, adj. Γ{εμάτος}
0%
Toujours, adv. Π{άντα}
0%
Parfois, adv. Ε{νίοτε}
0%
Minuit, n. Μ{εσάνυχτα}
0%
Tôt, adv. Ν{ωρίς}
0%
Bientôt Σ{ύντομα}
0%
Semaine, n. Β{δομάδα}, η
0%
Saigner, v. Αι{μορρόω}
0%
Mourir, v. Π{εθαίνω}
0%
Prier, v. Π{ροσεύχομαι}
0%
Devenir, v. Γ{ίνομαι}
0%
Éternuer, v. Φ{ταρνίζομαι}
0%
Rugir, v. Β{ρυχώμαι}
0%
Manger, v. Τ{ρώω}
0%
Appeler, v. Φ{ονάζω}
0%
Ressentir, v. Αι{σθάνομαι}
0%
Sentir (percevoir une odeur), v. Μ{υρίζω}
0%
Penser, v. Σ{κέφτομαι}
0%
Démarrer, v. Ξ{εκινάω}
0%
Tuer, v. Σ{κοτώνω}
0%
Annuler, v. Μ{αταιώνω}
0%
Creuser, v. Σ{κάβω}
0%
Chuchoter, v. Ψ{ιθυρίζω}
0%
Arroser, v. Π{οτίζω}
0%
Couper, v. Κ{όβω}
0%
Atterrir, v. Π{ροσχώνω}
0%
Vendre, v. Π{ουλάω}
0%
Être debout, v. Σ{τέκομαι}
0%
Bonjour, interj. Κ{αλημέρα}
0%
Gauche, n. Α{ριστερά}, η
0%
Heureusement, adv. Ε{υτυχώς}
0%
Salut, interj. Γ{εια} (σας/σου)
0%
Fille (de qqn), n. Κ{όρη}, η
0%
Fleuve / Rivière, n. Π{οταμός}, ο
0%
Colline, n. Λ{όφος}, ο
0%
Epice, n. Μπ{αχαρικό}, το
0%
Blague, n. Α{στείο}, το
0%
Prêtre, n. Ι{ερέας}, ο
0%
Île, n. Ν{ησί}, το
0%
Sable, n. Α{μμός}, η
0%
Profondeur, n. Β{άθος}, το
0%
Reine, n. Β{ασίλισσα}, η
0%
Lourd, adj. Β{αρύς}
0%
Encre, n. Μ{ελάνη}, η
0%
Cauchemar, n. Ε{φιάλτης}, ο
0%
Paradis, n. Π{αράδεισος}, ο
0%
Balai, n. Σ{κούπα}, η
0%
Ombre, n. Σ{κιά}, η
0%
Boîte, n. Κ{ουτί}, το
0%
Bisou, n. Φ{ιλάκι}, το
0%
Bienvenue, interj. Κ{αλωσορίσατε}
0%
Clavier, n. Π{ληκτρολόγιο}, το
0%
Usine, n. Ε{ργοστάσιο}, το
0%
Mur, n. Τ{οίχος}, ο
0%
Verre (matière), n. Γ{υαλί}, το
0%
Paix, n. Ει{ρήνη}, η
0%
Cuire, v. Ψ{ήνω}
0%
No matching quizzes found
Score Distribution
Percent of People with Each Score
Percentile by Number Answered
Your Score History
You have not taken this quiz